रमेशचंद्र शाह संचयिता (Record no. 1467077)

MARC details
000 -LEADER
fixed length control field 01074 a2200217 4500
005 - DATE AND TIME OF LATEST TRANSACTION
control field 20260316122541.0
008 - FIXED-LENGTH DATA ELEMENTS--GENERAL INFORMATION
fixed length control field 260316b |||||||| |||| 00| 0 eng d
020 ## - INTERNATIONAL STANDARD BOOK NUMBER
International Standard Book Number 9788179756256 (hbk)
037 ## - SOURCE OF ACQUISITION
Terms of availability TB
040 ## - CATALOGING SOURCE
Original cataloging agency AL
Transcribing agency AL
041 ## - LANGUAGE CODE
Source of code hin
Language code of text/sound track or separate title hin
084 ## - COLON CLASSIFICATION NUMBER
Classification number O152,1N373x Q7
Assigning agency AL
245 ## - TITLE STATEMENT
Title रमेशचंद्र शाह संचयिता
260 ## - PUBLICATION, DISTRIBUTION, ETC.
Place of publication, distribution, etc. नई दिल्ली, भारत:
Name of publisher, distributor, etc. अनामिका पब्लिशर्स एण्ड डिस्ट्रीब्यूटर्स (प्रा.) लिमिटेड,
Date of publication, distribution, etc. 2017.
300 ## - PHYSICAL DESCRIPTION
Extent 428पृ.
650 ## - SUBJECT ADDED ENTRY--TOPICAL TERM
Topical term or geographic name entry element हिन्दी कविता
650 ## - SUBJECT ADDED ENTRY--TOPICAL TERM
Topical term or geographic name entry element हिन्दी साहित्य
700 ## - ADDED ENTRY--PERSONAL NAME
Personal name मेहेर, छबिल कुमार
Relator term सम्पादक
942 ## - ADDED ENTRY ELEMENTS (KOHA)
Koha item type Textbook
Source of classification or shelving scheme Colon Classification (CC)
Classification part O152,1N373x Q7
Holdings
Withdrawn status Lost status Source of classification or shelving scheme Damaged status Not for loan Home library Current library Date acquired Source of acquisition Cost, normal purchase price Inventory number Total Checkouts Full call number Barcode Date last seen Cost, replacement price Price effective from Koha item type
    Colon Classification (CC)     Arts Library Arts Library 2026-02-04 15/ अनामिका पब्लिशर्स एंड डिस्ट्रीब्यूटर्स (प्राइवेट) लिमिटेड 796.00 IN420 & 2026-01-20   O152,1N373x Q7 AL1805191 2026-02-04 995.00 2026-02-04 Textbook
Copyright @ Delhi University Library System